| 000 | 00736nam a2200217 i 4500 | ||
|---|---|---|---|
| 001 | 118549 | ||
| 003 | ES-MaACL | ||
| 005 | 20230906191125.0 | ||
| 007 | t| | ||
| 008 | 070214s1930 sp r ||||1| spa d | ||
| 100 | 1 |
_aPeters, R. S. _991475 |
|
| 245 | 1 | 3 |
_aLa estructura de la historia universal en Juan Bautista Vico / _cRichard Peters ; traducción del alemán por J. Pérez Bances. |
| 260 |
_aMadrid : _bRevista de Occidente, _c1930. |
||
| 300 |
_a217 p. ; _c21 cm. |
||
| 490 | 1 |
_aBiblioteca de historiología ; _v2 |
|
| 600 | 1 | 4 |
_aVico, Giambattista. _9141132 |
| 700 | 1 |
_aPérez Bances, José Ramón. _990655 |
|
| 830 | 1 |
_aBiblioteca de historiología ; _v2 _9186423 |
|
| 852 |
_aES-MaACL _jA-1669 |
||
| 999 |
_c118549 _d118549 |
||